000 002470000a22001330004500
003 MACL
040 _aMACL
090 _c8871
_d8870
100 _aVasu, E
245 _aSon Of The Nation
260 _bTarjuma
_c2007
350 _a823
942 _cBOOK
999 _c8816
_d8816